[Event "SVK-chT rapid"]
[Site "Poprad"]
[Date "2025.??.??"]
[Round "5.19"]
[White "Polak, Dusan"]
[Black "Bednar, Jozef"]
[Result "1/2-1/2"]
[WhiteElo "1832"]
[BlackElo "1852"]
[PlyCount "68"]
[EventDate "2025.05.04"]
[EventType "team-swiss (rapid)"]
[EventRounds "7"]
[EventCountry "SVK"]
[SourceTitle "CB19_2025"]
[SourceDate "2025.05.07"]
[SourceVersion "1"]
[SourceVersionDate "2025.05.07"]
[SourceQuality "1"]

1. d4 Nf6 2. Nf3 g6 3. e3 Bg7 4. Bd3 0-0 5. 0-0 d6 6. h3 c6 7. c3 Re8 8. Nbd2 e5 9. e4 Qc7 10. Re1 Nbd7 11. Nb3 a5 12. a4 c5 13. dxc5 dxc5 14. Bb5 h6 15. Qc2 b6 16. Nbd2 Bb7 17. Nc4 Bc6 18. Bxc6 Qxc6 19. b3 Rad8 20. Ncd2 Nh5 21. Nf1 Nf4 22. Bxf4 exf4 23. Rad1 Ne5 24. Nxe5 Bxe5 25. f3 Qf6 26. c4 Qh4 27. Re2 Bd4+ 28. Kh1 h5 29. Nd2 Be3 30. Nb1 Rxd1+ 31. Qxd1 Rd8 32. Qc2 Bd4 33. Qd1 Be3 34. Qc2 Bd4 1/2-1/2